书目信息 |
| 题名: |
地名学论稿
|
|
| 作者: | 褚亚平 主编 | |
| 分册: | ||
| 出版信息: | 北京 高等教育出版社 1986 |
|
| 页数: | ||
| 开本: | ||
| 丛书名: | ||
| 单 册: | ||
| 中图分类: | P281.01 | |
| 科图分类: | ||
| 主题词: | 地图学 | |
| 电子资源: | ||
| ISBN: | ||
| 000 | 00467nam0 2200169 450 | |
| 001 | 0736196517 | |
| 005 | 20070924100316.51 | |
| 010 | @d¥2.10 | |
| 100 | @a20070924d km y0chiy0120 ea | |
| 101 | 0 | @achi |
| 200 | 1 | @a地名学论稿@Adi ming xue lun gao@f褚亚平 主编@Fzhu ya ping zhu bian |
| 210 | @a北京@c高等教育出版社@d1986 | |
| 606 | 0 | @a地图学 |
| 690 | @aP281.01@v3 | |
| 701 | 0 | @a褚亚平@Azhu ya ping@4主编 |
| 801 | 0 | @aCN@bPFT@c20070924 |
| 905 | @a213230@dP281.01@eZY2@f1 | |
| 地名学论稿/褚亚平 主编.-北京:高等教育出版社,1986 |
| ISBN :¥2.10 |
| ● |
| 相关链接 |
|
|
|
|
正题名:地名学论稿
索取号:P281.01/ZY2
 
预约/预借
| 序号 | 登录号 | 条形码 | 馆藏地/架位号 | 状态 | 备注 |
| 1 | 7900834 | 279008342 | 资源管理系资料室/ [索取号:P281.01/ZY2] | 在馆 |